[Event "Konig Memorial G/45"]
[Site "San Francisco"]
[Date "2005.04.16"]
[Round "1"]
[White "Lyons, David"]
[Black "Tamondong, Cesar"]
[Result "1-0"]
[WhiteElo "1911"]
[BlackElo "1527"]
[PlyCount "96"]
[EventDate "2005.04.16"]
[EventType "swiss (rapid)"]
[EventRounds "5"]
[EventCountry "USA"]

1. d4 Nf6 2. Nf3 g6 3. Bg5 Bg7 4. Nbd2 d6 5. e4 O-O 6. Bc4 Nxe4 7. Nxe4 d5 8.
Bxd5 Qxd5 9. Qe2 Re8 10. c3 b6 11. Qe3 Ba6 12. Nf6+ Bxf6 13. Bxf6 Nc6 14. Be5
Nxe5 15. Qxe5 Qxe5+ 16. Nxe5 f6 17. Ng4 Kg7 18. O-O-O Be2 19. Ne3 Bxd1 20. Rxd1
c6 21. Kc2 Rad8 22. c4 e6 23. Kc3 a5 24. b3 Rd7 25. Rd2 Red8 26. g3 b5 27. a3
e5 28. d5 b4+ 29. axb4 axb4+ 30. Kd3 Kf7 31. Ke4 c5 32. Ra2 Re8 33. Ra5 f5+ 34.
Kf3 e4+ 35. Ke2 Rc8 36. Nd1 Rd6 37. Nb2 g5 38. Na4 f4 39. Nxc5 e3 40. fxe3 fxe3
41. Kxe3 Re8+ 42. Ne4 Rh6 43. Ra7+ Kf8 44. Kd4 Rxh2 45. Nf6 Rd2+ 46. Kc5 Re7
47. Nxh7+ Rxh7 48. Rxh7 Rd3 1-0

[Event "Konig Memorial G/45"]
[Site "San Francisco"]
[Date "2005.04.16"]
[Round "1"]
[White "Starr, Albert"]
[Black "Luke, Gary"]
[Result "0-1"]
[WhiteElo "1372"]
[BlackElo "1815"]
[PlyCount "106"]
[EventDate "2005.04.16"]
[EventType "swiss (rapid)"]
[EventRounds "5"]
[EventCountry "USA"]

1. b4 e6 2. Bb2 Nf6 3. b5 d5 4. e3 c5 5. c4 b6 6. Nf3 Bb7 7. Qc2 Nbd7 8. Be2
Rc8 9. O-O Bd6 10. d3 O-O 11. Nbd2 Qc7 12. g3 Ng4 13. Nh4 Ndf6 14. Bxf6 Nxf6
15. f4 Rfe8 16. Bf3 e5 17. Nf5 e4 18. Nxd6 Qxd6 19. dxe4 dxe4 20. Bg2 Ng4 21.
Rfe1 Qg6 22. Nf1 f5 23. Rad1 Rcd8 24. Rxd8 Rxd8 25. Rd1 Rd6 26. a4 Qf6 27. Bh3
Nh6 28. Rxd6 Qxd6 29. Qd2 Qxd2 30. Nxd2 Bc8 31. Kf2 Be6 32. Ke2 g6 33. Kd1 Nf7
34. Bf1 Nd6 35. Kc2 Kf7 36. Kc3 Kf6 37. h4 h6 38. Be2 g5 39. hxg5+ hxg5 40. Nb3
Bc8 41. a5 Nb7 42. a6 Nd6 43. Nc1 Be6 44. Bf1 Bf7 45. Nb3 Nc8 46. Nd2 Bh5 47.
Bg2 gxf4 48. gxf4 Bg4 49. Nf1 Kg6 50. Nh2 Kh5 51. Bf1 Kh4 52. Nxg4 Kxg4 53. Kd2
Kg3 0-1

[Event "Konig Memorial G/45"]
[Site "San Francisco"]
[Date "2005.04.16"]
[Round "2"]
[White "Brown, Nicholas"]
[Black "Chan, John"]
[Result "0-1"]
[WhiteElo "1445"]
[BlackElo "1626"]
[PlyCount "90"]
[EventDate "2005.04.16"]
[EventType "swiss (rapid)"]
[EventRounds "5"]
[EventCountry "USA"]

1. d4 Nf6 2. c4 d6 3. Nc3 g6 4. e4 Bg7 5. Nf3 Nc6 6. a3 O-O 7. Bg5 h6 8. Be3 b6
9. Qd2 Kh7 10. Be2 Na5 11. Qc2 Bb7 12. O-O Rc8 13. b4 Nc6 14. Rfd1 Ng4 15. h3
Nxe3 16. fxe3 Qe8 17. Rf1 e6 18. Bd3 Ne7 19. d5 e5 20. a4 f5 21. a5 f4 22. exf4
exf4 23. Ne2 Bxa1 24. Rxa1 Qf7 25. Rf1 Qg7 26. Nh2 bxa5 27. bxa5 Rb8 28. Nxf4
Bc8 29. Rf3 Rb2 30. Qc1 Qd4+ 31. Kh1 Ra2 32. Bb1 Ra1 33. Ne2 Qg7 34. e5 Nf5 35.
e6 Qe5 36. Ng4 Qxe2 37. Rxf5 Rxb1 38. Qxb1 Rxf5 39. Kh2 h5 40. Qb8 hxg4 41.
Qxc7+ Kh6 42. Qxd6 gxh3 43. Qg3 Rg5 44. Qxg5+ Kxg5 45. Kxh3 Qxc4 0-1

[Event "Konig Memorial G/45"]
[Site "San Francisco"]
[Date "2005.04.16"]
[Round "2"]
[White "Luke, Gary"]
[Black "De Guzman, Ricardo"]
[Result "0-1"]
[WhiteElo "1815"]
[BlackElo "2447"]
[PlyCount "71"]
[EventDate "2005.04.16"]
[EventType "swiss (rapid)"]
[EventRounds "5"]
[EventCountry "USA"]

1. e4 c5 2. Nf3 e6 3. d4 cxd4 4. Nxd4 a6 5. Be3 Nf6 6. Nd2 Qc7 7. Bd3 d5 8. f4
dxe4 9. Nxe4 Nd5 10. Qf3 Be7 11. Nb3 Nc6 12. Bd2 b6 13. O-O O-O 14. a3 Bb7 15.
Qh3 f5 16. Nc3 Qd7 17. Rad1 Bf6 18. Nxd5 Qxd5 19. Bc1 Nd4 20. Nxd4 Bxd4+ 21.
Kh1 Rf6 22. Be2 e5 23. fxe5 Qxe5 24. Bc4+ Kh8 25. Bf4 Qc5 26. c3 Qxc4 27. cxd4
Rg6 28. Bg3 Be4 29. Qh4 Qd5 30. Rd2 Re8 31. h3 Rh6 32. Qg5 Rxh3+ 33. Kg1 Rh6
34. Qf4 Kg8 35. Re1 Rg6 36. Ree2 0-1

[Event "Konig Memorial G/45"]
[Site "San Francisco"]
[Date "2005.04.16"]
[Round "2"]
[White "Martin, John"]
[Black "Erdei, Andras"]
[Result "0-1"]
[WhiteElo "1320"]
[BlackElo "2239"]
[PlyCount "50"]
[EventDate "2005.04.16"]
[EventType "swiss (rapid)"]
[EventRounds "5"]
[EventCountry "USA"]

1. d4 f5 2. Nf3 g6 3. Nc3 Nf6 4. e3 Bg7 5. Bc4 d5 6. Bd3 Ne4 7. Bxe4 dxe4 8.
Ne5 O-O 9. Qe2 Be6 10. b3 c5 11. Nc4 cxd4 12. exd4 Bxd4 13. Bb2 Qc8 14. O-O
Bxc3 15. Bxc3 b5 16. Ne3 Qxc3 17. Rab1 a6 18. f3 f4 19. Nd1 Qc5+ 20. Nf2 e3 21.
Ne4 Qe5 22. Rbc1 Nc6 23. c4 Nd4 24. Qb2 bxc4 25. Ng5 c3 0-1

[Event "Konig Memorial G/45"]
[Site "San Francisco"]
[Date "2005.04.16"]
[Round "2"]
[White "Sowell, Nelson"]
[Black "Parker, Harold"]
[Result "1-0"]
[WhiteElo "1733"]
[BlackElo "1579"]
[PlyCount "28"]
[EventDate "2005.04.16"]
[EventType "swiss (rapid)"]
[EventRounds "5"]
[EventCountry "USA"]

1. d4 d5 2. c4 e6 3. g3 Nf6 4. Bg2 Be7 5. Nf3 O-O 6. O-O Nbd7 7. Nc3 b6 8. Qc2
Bb7 9. Rd1 a6 10. Bg5 h6 11. Bf4 Rc8 12. Ne5 Qe8 13. Qa4 c5 14. dxc5 Nxc5 {
remainder illegible} 1-0

[Event "Konig Memorial G/45"]
[Site "San Francisco"]
[Date "2005.04.16"]
[Round "2"]
[White "Tamondong, Cesar"]
[Black "Jouriles, Phil"]
[Result "1-0"]
[WhiteElo "1527"]
[BlackElo "1684"]
[PlyCount "55"]
[EventDate "2005.04.16"]
[EventType "swiss (rapid)"]
[EventRounds "5"]
[EventCountry "USA"]

1. d4 Nf6 2. c4 e6 3. g3 c5 4. d5 exd5 5. cxd5 d6 6. Bg2 Bf5 7. Nc3 Nbd7 8. e4
Bg6 9. Nge2 Be7 10. O-O O-O 11. Bf4 Ne5 12. Re1 Rb8 13. Qa4 Nd3 14. Red1 Nxb2
15. Qxa7 Nxd1 16. Rxd1 b5 17. e5 Ne8 18. e6 b4 19. Ne4 Bxe4 20. Bxe4 Qc7 21.
Qa6 Nf6 22. exf7+ Kxf7 23. Bf5 g6 24. Be6+ Kg7 25. Qd3 c4 26. Qe3 Kh8 {
remainder illegible; W won in about 10 more moves} 27. Qd4 Rfd8 28. Bf7 1-0

[Event "Konig Memorial G/45"]
[Site "San Francisco"]
[Date "2005.04.16"]
[Round "3"]
[White "Chan, John"]
[Black "Bedoya, Pablo"]
[Result "1-0"]
[WhiteElo "1626"]
[BlackElo "1864"]
[PlyCount "89"]
[EventDate "2005.04.16"]
[EventType "swiss (rapid)"]
[EventRounds "5"]
[EventCountry "USA"]

1. c4 Nf6 2. Nc3 c6 3. g3 d5 4. cxd5 cxd5 5. d4 e6 6. Bg2 Nbd7 7. Nf3 Bb4 8.
Bd2 O-O 9. O-O b6 10. a3 Be7 11. b4 Bb7 12. Rc1 Ne8 13. Qb3 Nd6 14. Rfe1 Nc4
15. Bf4 Bd6 16. Bxd6 Nxd6 17. h4 Qf6 18. e3 Rfc8 19. Qa4 Nf8 20. Ne5 Ng6 21.
Ng4 Qe7 22. Ne2 Nc4 23. Rc2 f6 24. Nf4 Nh8 25. Bh3 Bc6 26. Qb3 f5 27. Nh2 h6
28. h5 Be8 29. Nf3 a5 30. b5 g5 31. hxg6 Nxg6 32. Kg2 Nxf4+ 33. exf4 Nd6 34.
Rxc8 Rxc8 35. Qxd5 Kf7 36. Ne5+ Kg7 37. Qb3 Nxb5 38. Nf3 Bc6 39. d5 Be8 40.
Rxe6 Qxa3 41. Qb1 Bh5 42. Nh4 Nd4 43. Re3 Qd6 44. Nxf5+ Nxf5 45. Qxf5 1-0

[Event "Konig Memorial G/45"]
[Site "San Francisco"]
[Date "2005.04.16"]
[Round "3"]
[White "Cruz, Michael Da"]
[Black "Aiken, Joseph"]
[Result "1-0"]
[WhiteElo "1800"]
[BlackElo "1478"]
[PlyCount "41"]
[EventDate "2005.04.16"]
[EventType "swiss (rapid)"]
[EventRounds "5"]
[EventCountry "USA"]

1. e4 c5 2. Nf3 d6 3. d4 cxd4 4. Nxd4 Nf6 5. Nc3 a6 6. Be3 e6 7. f3 Be7 8. Qd2
Qc7 9. O-O-O Nbd7 10. g4 b5 11. h4 Ne5 12. h5 Nc4 13. Bxc4 Qxc4 14. g5 Nd7 15.
g6 hxg6 16. hxg6 Rg8 17. gxf7+ Kxf7 18. b3 Qc7 19. Nxe6 Kxe6 20. Qd5+ Kf6 21.
Qf5# 1-0

[Event "Konig Memorial G/45"]
[Site "San Francisco"]
[Date "2005.04.16"]
[Round "3"]
[White "Parker, Harold"]
[Black "Martin, John"]
[Result "1-0"]
[WhiteElo "1579"]
[BlackElo "1320"]
[PlyCount "54"]
[EventDate "2005.04.16"]
[EventType "swiss (rapid)"]
[EventRounds "5"]
[EventCountry "USA"]

1. e4 d6 2. d4 Nf6 3. Nc3 g6 4. Nf3 Bg7 5. Be2 O-O 6. O-O Bg4 7. Be3 Bxf3 8.
Bxf3 e5 9. d5 Nbd7 10. Qd2 c6 11. dxc6 bxc6 12. Qxd6 Nb8 13. Qxe5 Ng4 14. Qc5
Nxh2 15. Kxh2 Qh4+ 16. Kg1 Re8 17. Qg5 Qxg5 18. Bxg5 Re5 19. Bf4 Re8 20. Rfd1
Na6 21. e5 Rac8 22. Rd7 Nc7 23. Bxc6 Ne6 24. Bd5 Rf8 25. Bg3 Ng5 26. Rxa7 Rcd8
27. Rd1 Rfe8 {remainder illegible; W won in a few more moves} 1-0

[Event "Konig Memorial G/45"]
[Site "San Francisco"]
[Date "2005.04.16"]
[Round "3"]
[White "Tamondong, Cesar"]
[Black "Luke, Gary"]
[Result "0-1"]
[WhiteElo "1527"]
[BlackElo "1815"]
[PlyCount "87"]
[EventDate "2005.04.16"]
[EventType "swiss (rapid)"]
[EventRounds "5"]
[EventCountry "USA"]

1. d4 d5 2. Nf3 Nf6 3. g3 g6 4. Bg2 Bg7 5. O-O O-O 6. c4 c6 7. cxd5 cxd5 8. Nc3
Nc6 9. Bf4 a6 10. a4 e6 11. Ne5 Nxe5 12. Bxe5 Bd7 13. b4 Rc8 14. Rc1 Qe7 15. b5
Qb4 16. Na2 Qb2 17. Ra1 axb5 18. axb5 Bxb5 19. Rb1 Qxe2 20. Qxe2 Bxe2 21. Rfe1
Bc4 22. Nc3 Ba6 23. Na4 Nd7 24. Bxg7 Kxg7 25. f4 Rc4 26. Nb6 Nxb6 27. Rxb6 Rxd4
28. Bf1 Ra4 29. Bxa6 bxa6 30. Rb7 Ra2 31. Rxe6 Rb8 32. Rxb8 fxe6 33. Rb6 Kf6
34. g4 Ra4 35. f5 gxf5 36. gxf5 Kxf5 37. Rb7 d4 38. Rxh7 d3 39. Rh5+ Kg4 40.
Rh8 Rd4 41. Rg8+ Kf4 42. Rf8+ Ke3 43. Kg2 d2 44. Rf3+ {
remainder illegible; B won in a few more moves} 0-1

[Event "Konig Memorial G/45"]
[Site "San Francisco"]
[Date "2005.04.16"]
[Round "4"]
[White "Chan, John"]
[Black "Lyons, David"]
[Result "1/2-1/2"]
[WhiteElo "1626"]
[BlackElo "1911"]
[PlyCount "63"]
[EventDate "2005.04.16"]
[EventType "swiss (rapid)"]
[EventRounds "5"]
[EventCountry "USA"]

1. c4 e5 2. Nc3 Nf6 3. g3 Bc5 4. e3 Nc6 5. Bg2 d6 6. h3 Bf5 7. d3 Nb4 8. e4 Be6
9. a3 Nc6 10. Nf3 Qd7 11. Bg5 h6 12. Bd2 a6 13. Qe2 Nd4 14. Nxd4 Bxd4 15. Rc1
b5 16. cxb5 axb5 17. Be3 Bxc3+ 18. Rxc3 c5 19. f4 exf4 20. Bxf4 O-O 21. g4 Rab8
22. O-O b4 23. axb4 Rxb4 24. Rc2 Rfb8 25. Rd2 R8b6 26. Bxh6 Nxg4 27. Bxg7 Kxg7
28. hxg4 Bxg4 29. Qf2 Qe6 30. Rb1 Rb3 31. e5 Rxd3 32. exd6 1/2-1/2

[Event "Konig Memorial G/45"]
[Site "San Francisco"]
[Date "2005.04.16"]
[Round "4"]
[White "Hoo, Jonathan Soo"]
[Black "Tamondong, Cesar"]
[Result "1-0"]
[WhiteElo "1640"]
[BlackElo "1527"]
[PlyCount "79"]
[EventDate "2005.04.16"]
[EventType "swiss (rapid)"]
[EventRounds "5"]
[EventCountry "USA"]

1. e4 d5 2. exd5 Qxd5 3. Nc3 Qa5 4. d4 Nf6 5. Bd2 c6 6. Nf3 Bf5 7. Bc4 Nbd7 8.
Qe2 e6 9. O-O-O b5 10. Nxb5 Qb6 11. Nc3 Rb8 12. Bb3 Bb4 13. a3 Bxc3 14. Bxc3
O-O 15. Nd2 Ne4 16. Nxe4 Bxe4 17. Qxe4 Nf6 18. Qd3 Nd5 19. f3 Rfc8 20. Kb1 a5
21. Bxd5 cxd5 22. Ka2 a4 23. Bb4 Rc4 24. c3 Qc7 25. Qd2 Rc8 26. g4 Rc6 27. h4
Qg3 28. Rdf1 e5 29. dxe5 Qxe5 30. Qd4 Qe2 31. Re1 Qc2 32. Qxd5 Rf6 33. g5 Rf5
34. Qd7 Rf8 35. Bxf8 Qb3+ 36. Ka1 Rxf3 37. Qd4 f6 38. Qb4 Qc2 39. Qe7 Qg6 40.
Qe6+ 1-0

[Event "Konig Memorial G/45"]
[Site "San Francisco"]
[Date "2005.04.16"]
[Round "4"]
[White "Pinto, Mark"]
[Black "Sowell, Nelson"]
[Result "1/2-1/2"]
[WhiteElo "2200"]
[BlackElo "1733"]
[PlyCount "24"]
[EventDate "2005.04.16"]
[EventType "swiss (rapid)"]
[EventRounds "5"]
[EventCountry "USA"]

1. e4 Nf6 2. e5 Nd5 3. d4 d6 4. Nf3 Bg4 5. Be2 e6 6. O-O Be7 7. c4 Nb6 8. exd6
cxd6 9. b3 O-O 10. Nc3 Nc6 11. Bb2 d5 12. c5 Nd7 {remainder illegible} 1/2-1/2

[Event "Konig Memorial G/45"]
[Site "San Francisco"]
[Date "2005.04.16"]
[Round "4"]
[White "Vayntrub, Dmitry"]
[Black "Parker, Harold"]
[Result "1-0"]
[WhiteElo "2078"]
[BlackElo "1579"]
[PlyCount "39"]
[EventDate "2005.04.16"]
[EventType "swiss (rapid)"]
[EventRounds "5"]
[EventCountry "USA"]

1. c4 e6 2. g3 d5 3. Bg2 Nf6 4. Nf3 Nbd7 5. b3 Be7 6. Bb2 c6 7. O-O O-O 8. d3
Re8 9. Nbd2 Bd6 10. Qc2 e5 11. e3 Rb8 12. Rac1 Qa5 13. a3 Kf8 14. e4 d4 15. c5
Bc7 16. b4 Qb5 17. Nc4 a5 18. a4 Qa6 19. bxa5 Bxa5 20. h4 1-0

[Event "Konig Memorial G/45"]
[Site "San Francisco"]
[Date "2005.04.16"]
[Round "5"]
[White "Cruz, Michael Da"]
[Black "Bedoya, Pablo"]
[Result "1-0"]
[WhiteElo "1800"]
[BlackElo "1864"]
[PlyCount "57"]
[EventDate "2005.04.16"]
[EventType "swiss (rapid)"]
[EventRounds "5"]
[EventCountry "USA"]

1. e4 c5 2. Nf3 Nc6 3. d4 cxd4 4. Nxd4 e5 5. Nb5 d6 6. Bg5 Nf6 7. N1c3 a6 8.
Na3 Be6 9. Nd5 Bxd5 10. exd5 Qa5+ 11. c3 Nxd5 12. Nc4 Qc5 13. b4 Ncxb4 14. cxb4
Qxb4+ 15. Bd2 Qc5 16. Rc1 Qd4 17. Be2 Be7 18. O-O O-O 19. Bf3 e4 20. Be2 b5 21.
Na5 Qf6 22. Nc6 Rfe8 23. Ba5 Nf4 24. Bg4 Qg5 25. Bd2 f5 26. Bxf4 Qxf4 27. Qd5+
Kf8 28. Bxf5 Bf6 29. Bxh7 1-0

[Event "Konig Memorial G/45"]
[Site "San Francisco"]
[Date "2005.04.16"]
[Round "5"]
[White "Jouriles, Phil"]
[Black "Parker, Harold"]
[Result "1/2-1/2"]
[WhiteElo "1684"]
[BlackElo "1579"]
[PlyCount "82"]
[EventDate "2005.04.16"]
[EventType "swiss (rapid)"]
[EventRounds "5"]
[EventCountry "USA"]

1. d4 d5 2. c4 e6 3. Nc3 Nf6 4. Bg5 Be7 5. Nf3 Nbd7 6. e3 O-O 7. Bd3 h6 8. Bh4
b6 9. O-O Bb7 10. Qc2 c5 11. cxd5 Nxd5 12. Bxe7 Qxe7 13. Nxd5 Bxd5 14. Be4 Bxe4
15. Qxe4 Nf6 16. Qd3 cxd4 17. Nxd4 Qd6 18. Qe2 Rfd8 19. Rfd1 Qc7 20. Rac1 Qb7
21. Qb5 Rac8 22. Nb3 Qe7 23. Rxd8+ Qxd8 24. Rxc8 Qxc8 25. Qe2 a5 26. Qd2 a4 27.
Nd4 Ne4 28. Qc2 Qxc2 29. Nxc2 Kf8 30. Kf1 Ke7 31. Ke2 Kd6 32. f3 Nc5 33. Nb4 f5
34. Kd2 e5 35. Kc3 b5 36. Nd3 e4 37. Nxc5 Kxc5 38. fxe4 fxe4 39. a3 g5 40. g4
Kd5 41. Kb4 Kc6 1/2-1/2

[Event "Konig Memorial G/45"]
[Site "San Francisco"]
[Date "2005.04.16"]
[Round "5"]
[White "Luke, Gary"]
[Black "Vayntrub, Dmitry"]
[Result "0-1"]
[WhiteElo "1815"]
[BlackElo "2078"]
[PlyCount "72"]
[EventDate "2005.04.16"]
[EventType "swiss (rapid)"]
[EventRounds "5"]
[EventCountry "USA"]

1. e4 c5 2. Nf3 d6 3. d4 cxd4 4. Nxd4 Nf6 5. Nc3 g6 6. Be2 Bg7 7. O-O Nc6 8.
Be3 O-O 9. f4 Bd7 10. Kh1 a6 11. Nb3 b5 12. a3 Rc8 13. h3 Na5 14. Nxa5 Qxa5 15.
e5 Rxc3 16. bxc3 Ne4 17. Rf3 Nxc3 18. Qd2 Qc7 19. Bd3 dxe5 20. fxe5 Bxe5 21.
Raf1 Bc6 22. R3f2 f5 23. Bf4 Bxf4 24. Qxf4 Qxf4 25. Rxf4 e5 26. R4f2 e4 27. Be2
e3 28. Bf3 Be8 29. Re2 Nxe2 30. Bxe2 Bc6 31. Kh2 f4 32. c4 Kg7 33. Rc1 bxc4 34.
Bxc4 Bb5 35. Bxb5 axb5 36. Re1 Ra8 0-1

[Event "Konig Memorial G/45"]
[Site "San Francisco"]
[Date "2005.04.16"]
[Round "5"]
[White "Tamondong, Cesar"]
[Black "Martin, John"]
[Result "1-0"]
[WhiteElo "1527"]
[BlackElo "1320"]
[PlyCount "77"]
[EventDate "2005.04.16"]
[EventType "swiss (rapid)"]
[EventRounds "5"]
[EventCountry "USA"]

1. d4 d6 2. c4 b6 3. Nf3 Bb7 4. g3 Nf6 5. Nc3 Nbd7 6. Bg2 Rb8 7. O-O e5 8. d5
Be7 9. e4 O-O 10. b4 h6 11. Nh4 Nh7 12. Nf5 Bg5 13. f4 exf4 14. Bxf4 Bxf4 15.
Rxf4 Ndf6 16. Qe2 Re8 17. Raf1 Bc8 18. h4 Bxf5 19. Rxf5 Re5 20. Rxe5 dxe5 21.
Nb5 Rb7 22. Rf5 Qe7 23. a3 a6 24. Nc3 a5 25. Qb2 axb4 26. Qxb4 Qd7 27. Rxe5 c6
28. dxc6 Qd2 29. Kh1 Rc7 30. Rf5 g6 31. Rf1 Ng4 32. Nb5 Qd8 33. Qd6 Qxd6 34.
Nxd6 Rxc6 35. e5 Nxe5 36. Bxc6 Nxc6 37. Nxf7 Kg7 38. Nd6 Ne7 39. Rf7+ 1-0

[Event "Stamer Memorial"]
[Site "San Francisco"]
[Date "2005.06.04"]
[Round "1"]
[White "Benson, Mathew"]
[Black "Wang, Drake"]
[Result "0-1"]
[WhiteElo "1616"]
[BlackElo "2169"]
[PlyCount "90"]
[EventDate "2005.06.04"]
[EventType "swiss"]
[EventRounds "6"]
[EventCountry "USA"]

1. e4 e6 2. d4 d5 3. e5 c5 4. Nf3 Nc6 5. Bb5 Bd7 6. Nc3 cxd4 7. Bxc6 bxc6 8.
Nxd4 c5 9. Nf3 Ne7 10. Bg5 Qc7 11. O-O h6 12. Bh4 Rb8 13. b3 Nf5 14. Bg3 Nxg3
15. fxg3 Be7 16. a4 O-O 17. g4 f6 18. Qe2 Qa5 19. Nd1 Rb4 20. Nf2 c4 21. Rab1
Rfb8 22. exf6 Bxf6 23. Nh3 cxb3 24. g5 Qc5+ 25. Qf2 Qxf2+ 26. Kxf2 hxg5 27.
Nhxg5 bxc2 28. Rbc1 Bxa4 29. Nxe6 Rb1 30. Nc5 Rxc1 31. Rxc1 Rb1 32. Nd3 Bb2 33.
Rxc2 Bxc2 34. Nf4 Be4 35. Nd2 Bd4+ 36. Ke2 Rb2 37. Kd1 g5 38. Ne2 Be3 39. Nxe4
dxe4 40. Nc3 a5 41. Nxe4 a4 42. Nc3 a3 43. Na4 Rd2+ 44. Ke1 a2 45. Nc3 a1=Q+
0-1

[Event "Stamer Memorial"]
[Site "San Francisco"]
[Date "2005.06.04"]
[Round "1"]
[White "Chan, John"]
[Black "D'Aloisio, Tony"]
[Result "0-1"]
[WhiteElo "1626"]
[BlackElo "2219"]
[PlyCount "54"]
[EventDate "2005.06.04"]
[EventType "swiss"]
[EventRounds "6"]
[EventCountry "USA"]

1. c4 Nf6 2. Nc3 g6 3. d4 Bg7 4. g3 O-O 5. Bg2 d6 6. Nf3 Bg4 7. h3 Bxf3 8. exf3
Nc6 9. O-O d5 10. c5 e5 11. dxe5 Nxe5 12. Bg5 c6 13. Re1 Ned7 14. b4 h6 15.
Bxf6 Bxf6 16. Rc1 a5 17. a3 axb4 18. axb4 Ra3 19. Ne2 Ne5 20. f4 Nd3 21. Qc2
Nxc1 22. Qxc1 Ra1 23. Qd2 Rxe1+ 24. Qxe1 Qe7 25. Qd2 Ra8 26. Bf3 Ra3 27. Kg2
Rxf3 0-1

[Event "Stamer Memorial"]
[Site "San Francisco"]
[Date "2005.06.04"]
[Round "1"]
[White "Falk, Charles"]
[Black "Xu, Davis"]
[Result "0-1"]
[WhiteElo "1138"]
[BlackElo "1733"]
[PlyCount "56"]
[EventDate "2005.06.04"]
[EventType "swiss"]
[EventRounds "6"]
[EventCountry "USA"]

1. c4 f5 2. Nf3 Nf6 3. d4 e6 4. Nc3 c6 5. g3 d5 6. b3 Bd6 7. Bg2 Nbd7 8. cxd5
exd5 9. Ng5 Qe7 10. O-O Ne4 11. Ngxe4 fxe4 12. e3 Nf6 13. f3 Bf5 14. Ne2 O-O
15. a3 exf3 16. Bxf3 Be4 17. b4 Bxf3 18. Rxf3 Ne4 19. Nf4 Rf6 20. Bd2 Nxd2 21.
Qxd2 g5 22. Nxd5 cxd5 23. Rxf6 Qxf6 24. Rf1 Qe7 25. Rf5 Qe4 26. Rxg5+ Kh8 27.
Qe2 Rc8 28. Qd2 Rc2 0-1

[Event "Stamer Memorial"]
[Site "San Francisco"]
[Date "2005.06.04"]
[Round "1"]
[White "Mezentsev, Vladimir"]
[Black "Salles, Antonio"]
[Result "1-0"]
[WhiteElo "2516"]
[BlackElo "1724"]
[PlyCount "47"]
[EventDate "2005.06.04"]
[EventType "swiss"]
[EventRounds "6"]
[EventCountry "USA"]

1. e4 e5 2. Nf3 Nc6 3. Bc4 Bc5 4. O-O Nf6 5. d3 h6 6. c3 d6 7. d4 exd4 8. cxd4
Bb4 9. d5 Ne5 10. Nxe5 dxe5 11. Qa4+ Bd7 12. Qxb4 Rb8 13. Nc3 Qe7 14. Qxe7+
Kxe7 15. f4 b5 16. Bb3 b4 17. fxe5 bxc3 18. exf6+ gxf6 19. bxc3 h5 20. Ba3+ Ke8
21. Rxf6 Rh7 22. e5 Rb6 23. e6 fxe6 24. Rf8# 1-0

[Event "Stamer Memorial"]
[Site "San Francisco"]
[Date "2005.06.04"]
[Round "1"]
[White "Odondoo, IM Ganbold"]
[Black "Woebcke, Carl"]
[Result "1-0"]
[WhiteElo "2425"]
[BlackElo "1637"]
[PlyCount "51"]
[EventDate "2005.06.04"]
[EventType "swiss"]
[EventRounds "6"]
[EventCountry "USA"]

1. e4 c5 2. Nf3 d6 3. Bb5+ Nd7 4. d4 a6 5. Bc4 e6 6. a4 Ngf6 7. Nc3 Qc7 8. O-O
cxd4 9. Qxd4 b6 10. Re1 Bb7 11. Bg5 Be7 12. Rad1 e5 13. Qd3 Nc5 14. Qe3 Ncxe4
15. Nxe4 Nxe4 16. Bxe7 Kxe7 17. Bd3 f5 18. Bxe4 Bxe4 19. Nd2 Bd5 20. Qg5+ Ke6
21. c4 Bc6 22. Nb3 Qf7 23. Nd4+ Kd7 24. Rxe5 h6 25. Rxf5 hxg5 26. Rxf7+ 1-0

[Event "Stamer Memorial"]
[Site "San Francisco"]
[Date "2005.06.04"]
[Round "1"]
[White "Oza, Nikunj"]
[Black "Chillakanti, Pratap"]
[Result "1-0"]
[WhiteElo "1846"]
[BlackElo "1359"]
[PlyCount "55"]
[EventDate "2005.06.04"]
[EventType "swiss"]
[EventRounds "6"]
[EventCountry "USA"]

1. d4 d5 2. Nf3 Nf6 3. Bf4 e6 4. e3 Bd6 5. Bg3 O-O 6. Nbd2 Nbd7 7. Bd3 h6 8.
Ne5 Be7 9. c3 c5 10. Bf4 c4 11. Bc2 b5 12. Nc6 Qe8 13. Nxe7+ Qxe7 14. Qf3 e5
15. dxe5 Nxe5 16. Qe2 Ng6 17. Bg3 Bg4 18. f3 Bd7 19. O-O Rfe8 20. Rfe1 Nh5 21.
Qf2 Nxg3 22. Qxg3 Qc5 23. Qf2 Re7 24. e4 Qxf2+ 25. Kxf2 dxe4 26. Nxe4 Rae8 27.
Rad1 Bc6 28. Rd6 1-0

[Event "Stamer Memorial"]
[Site "San Francisco"]
[Date "2005.06.04"]
[Round "1"]
[White "Perepelitsky, Philipp"]
[Black "Brown, Nicholas"]
[Result "1-0"]
[WhiteElo "1959"]
[BlackElo "1437"]
[PlyCount "67"]
[EventDate "2005.06.04"]
[EventType "swiss"]
[EventRounds "6"]
[EventCountry "USA"]

1. d4 d5 2. c4 c6 3. Nf3 Nf6 4. Nc3 e6 5. Bg5 Nbd7 6. e3 Be7 7. Bd3 dxc4 8.
Bxc4 b5 9. Bd3 O-O 10. O-O a6 11. Qe2 c5 12. Rad1 c4 13. Bb1 Bb7 14. a3 Nd5 15.
Bxe7 Nxe7 16. e4 Qc7 17. e5 Ng6 18. Qe3 Rae8 19. Ng5 f6 20. Nxh7 f5 21. Nxf8
Rxf8 22. Qg3 Nh8 23. Ne2 Rf7 24. Nf4 Nf8 25. Rfe1 g5 26. Nh5 Nh7 27. h4 g4 28.
Nf4 Rg7 29. Nxe6 f4 30. Qxf4 Qc6 31. d5 Qd7 32. Nxg7 Qxg7 33. d6 Nf8 34. e6 1-0

[Event "Stamer Memorial"]
[Site "San Francisco"]
[Date "2005.06.04"]
[Round "1"]
[White "Starr, Albert"]
[Black "Liang, Bernard"]
[Result "1/2-1/2"]
[WhiteElo "1294"]
[BlackElo "1795"]
[PlyCount "106"]
[EventDate "2005.06.04"]
[EventType "swiss"]
[EventRounds "6"]
[EventCountry "USA"]

1. b4 d5 2. e3 Bf5 3. Bb2 e6 4. Nf3 Bg4 5. Be2 Nf6 6. b5 Bd6 7. O-O Bxf3 8.
Bxf3 Nbd7 9. c4 Nb6 10. cxd5 exd5 11. Nc3 Nc4 12. Bc1 O-O 13. g3 c6 14. d3 Ne5
15. Bg2 h5 16. f4 Ng6 17. bxc6 bxc6 18. e4 Bc5+ 19. Kh1 Bd4 20. Bb2 Ng4 21. Qf3
Qa5 22. Nd1 Bxb2 23. Nxb2 Qd2 24. Nd1 dxe4 25. Qxe4 Rfe8 26. Qxc6 Rad8 27. Qc1
Rxd3 28. Qxd2 Rxd2 29. Nc3 Ne3 30. Rg1 Rc8 31. Ne4 Rb2 32. Rae1 Ng4 33. h3 Nf2+
34. Nxf2 Rxf2 35. Bd5 Rcc2 36. Rg2 Rxg2 37. Bxg2 h4 38. f5 Nf8 39. g4 Rxa2 40.
Kg1 Nd7 41. Re7 Rd2 42. g5 Nc5 43. Rxa7 g6 44. f6 Ne6 45. Ra5 Nf4 46. Ra8+ Kh7
47. Bf1 Ne6 48. Bc4 Nxg5 49. Rf8 Nxh3+ 50. Kh1 Rd7 51. Bxf7 Ng5 52. Bg8+ Kh6
53. f7 Kg7 1/2-1/2